=LDR 00000nam 2200000 4500 =001 INLIS000000000001409 =005 20130612085821 =008 ***********************************Ind** =035 ##$$0010-061300000001409 =041 ##$$a Ind =082 ##$$a 372.8 =090 ##$$a 372.8, Tan-t =245 ##$$a Tangkas IPS sesuai kurikulum 1994 dan suplemen GBPP 1994 untuk SD, Penanggung Jawab, R.J. Soenarjo =260 ##$$a 2000 $b Bandung =300 ##$$a ...jil, ilus, 21 cm =650 ##$$a Pendidikan Dasar - IPS =700 ##$$a SUNARYO, R.J =850 ##$$a NBPNMAT